main-travelled roads
Збережено в:
| Автор: | |
|---|---|
| Формат: | Книга |
| Мова: | Undetermined |
| Опубліковано: |
New York, Estados Unidos
Signet Classics
1962
|
| Редагування: | 2 |
| Предмети: | |
| Теги: |
Додати тег
Немає тегів, Будьте першим, хто поставить тег для цього запису!
|
MARC
| LEADER | 00000nam a2200000Ia 4500 | ||
|---|---|---|---|
| 008 | 170316s9999 xx 000 0 und d | ||
| 040 | |a cru BVZT | ||
| 090 | |a 810 G-8.1m | ||
| 100 | |a Garland, Hamlin | ||
| 245 | |a main-travelled roads | ||
| 250 | |a 2 | ||
| 260 | |a New York, Estados Unidos | ||
| 260 | |b Signet Classics | ||
| 260 | |c 1962 | ||
| 300 | |a 271 páginas | ||
| 650 | |a LITERATURA ESTADOUNIDENSE | ||
| 999 | |c 5690 |d 5690 | ||
| 942 | |c 15 D |h 810 G-8.1m |2 z | ||
